El imperio de los sentimientos: obra reunida

Salvato in:
Dettagli Bibliografici
Autore principale: Silva Fuentes, Antonio (Autore)
Natura: Libro
Lingua:spagnolo
Pubblicazione: Santiago Cuarto Propio 2015
Edizione:1a. ed
Soggetti:
Tags: Aggiungi Tag
Nessun Tag, puoi essere il primo ad aggiungerne!!

MARC

LEADER 00000cam a2200000 a 4500
001 UCC1265
003 CL-VaPUC
008 171020e20150000cl |||||||||||||||||spa|d
020 |a 9789562607179 
082 0 4 |a Ch861  |b SIL  |2 21 
100 0 |a Silva Fuentes, Antonio  |e author  |9 595323 
245 1 3 |a El imperio de los sentimientos: obra reunida 
250 |a 1a. ed 
300 |a 190 p 
942 |c BK 
945 |d 20171020 15:16:00  |a dcastane 
260 |a Santiago  |b Cuarto Propio  |c 2015 
650 0 |a Poesías chilenas   |9 265280 
650 0 |a Literatura chilena   |9 308278 
583 |a last modification  |c 20171020 15:16:00  |k Rodrigo Vera 
999 |c 369824  |d 369822 
952 |0 0  |1 0  |3 erb  |4 0  |6 CH_861_000000000000000_SIL_2015  |7 0  |8 A  |9 485959  |a FDOPOS  |b FDOPOS  |i 5429889  |o Ch861 SIL 2015  |p 5429889  |r 2023-08-09  |w 2019-11-24  |y BK  |z Catalogado en:20171020  |k DLH